000 00923nas a2200277 4500
001 BR2010005205
003 BR-BrBNA
005 20231205114727.0
007 ta
008 230509b bl.|||p| |||| 00| 00por d
040 _aBR-BrBNA
_bpor
_cBiblioteca Nacional de Agricultura
041 _a(Pt)
072 _aE50
100 1 _aSá, M.A.R. de
100 1 _aOliveira, I.A. de
100 1 _aRodrigues, K. de P.
245 1 _aAvaliação da adequação à legislação e das condições microbiológicas de ervas comercializadas para o preparo de chás, em Uberlândia, MG
650 _aPLANTA MEDICINAL
650 _aOBESIDADE
650 _aFITOTOXIDADE
650 _aANÁLISE MICROBIOLÓGICA
650 _aCOMERCIALIZAÇÃO
773 0 _tHigiene Alimentar (Brazil)
_xISSN 0101-9171
_g(May-Jun 2010), v.24(184-185) p. 171-176
_wBR2010005205
909 _a202311
_bLúcia
_c55
_dLúcia Elande
942 _2AGRIS
_n0
_cANA
999 _c210186
_d210186